| 000 | 00722nam a2200241Ia 4500 | ||
|---|---|---|---|
| 003 | OSt | ||
| 005 | 20220923223121.0 | ||
| 006 | a|||||r|||| 00| 0 | ||
| 007 | ta | ||
| 008 | 220922b |||||||| |||| 00| 0 hin d | ||
| 024 | _a211,157 | ||
| 037 | _cTextual | ||
| 040 |
_aARTS _cARTS _bhin |
||
| 041 |
_2hin _ahin |
||
| 082 | _aO152,3N3513,1, L8 | ||
| 100 | _aजितेन्द्र कुमार | ||
| 245 | 0 | _aऔरत मर्द | |
| 246 | _aAurat marda | ||
| 260 |
_aदिल्ली _b संभावना प्रका0 _c1978 |
||
| 300 |
_a142पृ. _ccm. |
||
| 942 |
_hO152,3N3513,1, L8 _cTEXL _2CC |
||
| 999 |
_c361436 _d361436 |
||